| 000 | 02359cad a22003135a 4500 | ||
|---|---|---|---|
| 008 | 230710s2021 xxk f f 001 0 eng d | ||
| 020 | _a9780993151347 | ||
| 041 | 0 | _aeng | |
| 110 | 2 | _aRoyal Institution of Chartered Surveyors | |
| 240 | 0 | 0 | _aRed Book |
| 245 | 0 | 0 |
_aInternational Valuation Standards _bEffective 31 January 2022 _h[Online publication] |
| 260 |
_aLondon, _bInternational Valuation Standards Council, _c2021 |
||
| 300 | _a151p. | ||
| 490 | 0 | _aRICS Valuation Standards | |
| 490 | _aRICS Red Book | ||
| 505 | 2 | _aIVS Framework - Bases of Value - Valuation Approaches and Methods - Intangible Assets - Inventory - Plant and Equipment - Real Property Interests - Development Property | |
| 520 | _aThe International Valuation Standards (IVS) form the key guidance for valuation professionals globally and underpin consistency, transparency and confidence in valuations. Valuations are widely used and relied upon in financial and other markets, whether for inclusion in financial statements, for regulatory compliance or to support secured lending and transactional activity. The (IVS) are standards for undertaking valuation assignments using generally recognised concepts and principles that promote transparency and consistency in valuation practice. The International Valuation Standards Council (IVSC) also promotes leading practice approaches to ensure the conduct and competence of professional valuers. The latest edition is effective from 31 January 2022. RICS have updated the Global Valuation Standards (Red Book) to incorporate the changes to the IVS’s. This became effective on 31st January 2022, the same date as the effective date for the revised IVS’s. | ||
| 520 | _aReplaces IVS 2020 ISBN 9781783213832 | ||
| 520 | _aFrom 31 Jan 2025 replaced by IVS 2025, published Jan 2024 ISBN 9780993151378 | ||
| 650 | 2 | 4 | _aRICS VALUATION STANDARDS |
| 650 | 2 | 4 | _aINTERNATIONAL VALUATION STANDARDS 2020 |
| 650 | 2 | 4 | _aRED BOOK |
| 651 | 4 | _aInternational | |
| 690 |
_aValuation _96273 |
||
| 710 | 2 | _aInternational Valuation Standards Council | |
| 710 | _aRoyal Institution of Chartered Surveyors | ||
| 856 | 4 | 0 |
_uhttps://www.rics.org/profession-standards/rics-standards-and-guidance/sector-standards/valuation-standards/red-book/international-valuation-standards _zAvailable on RICS.org |
| 942 | _n0 | ||
| 999 |
_c121601 _d121601 |
||